000 00367 a2200157 4500
001 47256
020 _a9788561167141 (broch.)
040 _cAnchieta - Aquarius
100 _aLage, Micheline
240 1 0 _aO mundo novo da Luluca
_l
245 1 0 _aO mundo novo da Luluca
300 _a19p.
362 0 _a2013
650 4 _aLiteratura infanto-juvenil
942 _cBK
999 _c47256
_d47256